[Event "Skopje op"]
[Site "Skopje"]
[Date "2019.12.10"]
[Round "7"]
[White "Dimkovski, Stojancho"]
[Black "Bultijnck, Kristoff"]
[Result "1-0"]
[WhiteElo "1921"]
[BlackElo "1590"]
[PlyCount "59"]
[EventDate "2019.12.06"]
[EventType "swiss"]
[EventRounds "9"]
[EventCountry "MKD"]
[SourceTitle "CBM 193 Extra"]
[Source "ChessBase"]
[SourceDate "2020.01.31"]
[SourceVersion "1"]
[SourceVersionDate "2020.01.31"]
[SourceQuality "1"]

1. c4 c5 2. Nc3 Nc6 3. g3 g6 4. Bg2 Bg7 5. Nf3 Nf6 6. 0-0 0-0 7. d3 d6 8. a3 a6 9. Rb1 Rb8 10. b4 Nd7 11. Bd2 Nce5 12. Ne1 cxb4 13. axb4 Nf6 14. b5 axb5 15. Rxb5 Bd7 16. Rxb7 Rxb7 17. Bxb7 Nc6 18. Nc2 Qc7 19. Bxc6 Qxc6 20. Nb4 Qb7 21. Nbd5 Nxd5 22. Nxd5 Bh3 23. Re1 h6 24. Qb1 Qd7 25. Qb5 Qxb5 26. cxb5 Rb8 27. Rb1 Be6 28. Nxe7+ Kf8 29. Nc6 Rc8 30. b6 1-0

[Event "Skopje op"]
[Site "Skopje"]
[Date "2019.12.07"]
[Round "2"]
[White "Bultijnck, Kristoff"]
[Black "Petrovski, Nikola"]
[Result "1-0"]
[WhiteElo "1590"]
[BlackElo "1117"]
[PlyCount "59"]
[EventDate "2019.12.06"]
[EventType "swiss"]
[EventRounds "9"]
[EventCountry "MKD"]
[SourceTitle "CBM 193 Extra"]
[Source "ChessBase"]
[SourceDate "2020.01.31"]
[SourceVersion "1"]
[SourceVersionDate "2020.01.31"]
[SourceQuality "1"]

1. d4 Nf6 2. c4 c5 3. Nf3 e6 4. Nc3 Nc6 5. Bg5 Be7 6. dxc5 Bxc5 7. a3 0-0 8. e3 Be7 9. Bd3 b6 10. Qc2 h6 11. Bh4 Bb7 12. 0-0 Na5 13. Rad1 Bxf3 14. gxf3 Nh5 15. Bxe7 Qxe7 16. Ne4 f5 17. Ng3 Qg5 18. f4 Qh4 19. Be2 Nf6 20. f3 Nh5 21. Nxh5 Qxh5 22. Rxd7 Rf6 23. Kh1 Rg6 24. Rg1 Rc8 25. Rxg6 Qxg6 26. b4 Nxc4 27. Bxc4 b5 28. Bxe6+ Kh7 29. Qxc8 h5 30. Bxf5 1-0